Wszystkie Przystanki Autobusowe i Tramwajowe na Targówku - Statystyki

Ogólne statystyki
  • Ten quiz został rozwiązany 31 razy
  • Średni wynik to 36 z 87
Statystyki odpowiedzi
Przystanki % Poprawnych
Metro Bródno
90%
Metro Kondratowicza
80%
Metro Targówek Mieszkaniowy
75%
Metro Trocka
75%
Metro Zacisze
75%
Rembielińska
70%
Rondo Żaba
70%
Cmentarz Bródnowski
65%
Młodzieńcza
65%
Gilarska
60%
Pożarowa
60%
Bródno Podgrodzie
55%
Centrum Handlowe Targówek
55%
Jórskiego
55%
Niwa
55%
Piotra Skargi
55%
Rolanda
55%
Staniewicka
55%
Szpital Bródnowski
55%
Gorzykowska
50%
Julianowska
50%
Krynoliny
50%
PKP Targówek
50%
PKP Zacisze - Wilno
50%
Bieżuńska
45%
Bystra
45%
Handlowa
45%
Knapika
45%
Kościeliska
45%
Księcia Ziemowita
45%
Poborzańska
45%
Tużycka
45%
Balkonowa
40%
Bartnicza
40%
Bazyliańska
40%
Blokowa
40%
Codzienna
40%
DKS Targówek
40%
Elsnerów
40%
Klub Lira
40%
Kołowa
40%
Lewinów
40%
Łojewska
40%
Malborska
40%
Naczelnikowska
40%
Plac Ostrej Bramy
40%
Suwalska
40%
Utrata
40%
Wierna
40%
Wyszogrodzka
40%
Żuromińska
40%
Bohuszewiczówny
35%
Budowlana
35%
Chemiczna
35%
Chodecka
35%
Czerwińska
35%
Kanał Bródnowski
35%
Lusińska
35%
Potulicka
35%
Przy Grodzisku
35%
Diamentowa
30%
Gościeradowska
30%
Hutnicza
30%
Jesiotrowa
30%
Krzesiwa
30%
Lewinowska
30%
Łokietka
30%
Myszkowska
30%
Rogowska
30%
Rzeczna
30%
Samarytanka
30%
Świętego Hieronima
30%
Zabraniecka
30%
Zabraniecka - Magazyny
30%
Bukowiecka
25%
Klamrowa
25%
Koszalińska
25%
Kraśnicka
25%
Księżnej Anny
25%
Łubinowa
25%
Nieświeska
25%
Perłowa
25%
Utrata - Urząd Celny
25%
Zabraniecka - Bocznica
25%
Siarczana
20%
Lniana
15%
Małuszewska
15%
Nie znaleziono quizów pasujących do podanych kryteriów
Rozkład punktacji
Procent ludzi z każdym wynikiem
Percentyl według liczby udzielonych odpowiedzi
Twoja historia wyników
Nie rozwiązałeś tego quizu